| 000 | 00569nam a2200193 i 4500 | ||
|---|---|---|---|
| 001 | 90548 | ||
| 003 | ES-MaACL | ||
| 005 | 20240225063054.0 | ||
| 007 | t| | ||
| 008 | 050121s1976 sp ||||1| spa d | ||
| 100 | 1 |
_aLenin, Vladimir Il'ich, _d1870-1924 _971523 |
|
| 245 | 1 | 0 |
_aTextos sobre el imperialismo / _cVladimir Illicht Lenin. |
| 260 |
_a[Madrid] : _bMiguel Castellote, _c[1976] |
||
| 300 |
_a83 p. ; _c20 cm. |
||
| 490 | 1 |
_aBásica ; _v4 |
|
| 830 | 0 |
_aBásica ; _v4 _9184155 |
|
| 852 |
_aES-MaACL _jA-5732 _bR.94706 |
||
| 999 |
_c90548 _d90548 |
||